01292nam a2200265 a 450000100100000000500170001000800410002704000250006808200150009310000340010824000390014224500870018126000480026830000170031649000300033350000460036365000220040970000370043183000370046891000370050595201800054295201800072295201070090299900170100900003544020240510073817.0111031s19591962ag 000 0 spa d aDO-SdBNPbspacBNPHU a100bH587t1 aHessen, Johannesb188996127410aLehrbuch der philosphielespañol10aTratado de filosofía /cJohannes Hessen ; traducción Lucía Piossek Prebisch. aBuenos Aires :bSudaméricana,c1959-1962. av. ;c21 cm.1 aBiblioteca de filosofía aLa biblioteca posee los volúmenes 2 y 3 0aFilosofía 981312aPrebisch, Lucía Piossek961275 0aBiblioteca de filosofía960691 aValidado. Control de calidad MFF 001150718RVaGRbGRcMId2011-10-31iLF1l0ov.3p35440-10r2020-06-25w2020-06-25y1zPerteneció a la biblioteca personal de Juan Isidro Jimenes- GrullónZNo se presta 001150718RVaGRbGRcMId2011-10-31iLF1l0ov.2p35440-20r2020-06-25w2020-06-25y1zPerteneció a la biblioteca personal de Juan Isidro Jimenes- GrullónZNo se presta 001050718RVaGRbGRcHDd2012-10-02iLF1l0ov.1p35440-30r2020-06-25w2020-06-25y1ZNo se presta c34931d34931